Plattsburgh International Airport Destinations (Plattsburgh, NY, USA) - Statistics

General Stats
  • This quiz has been taken 27 times
    15 since last reset
  • The average score is 4 of 7
Answer Stats
Airline Destination % Correct
Allegiant Air Orlando/Sanford
82%
Allegiant Air St. Petersburg/Clearwater
64%
Allegiant Air Fort Lauderdale
55%
Contour Airlines Washington (Dulles)
55%
Allegiant Air Myrtle Beach
45%
Allegiant Air Sarasota
45%
Allegiant Air Punta Gorda (FL)
36%
No matching quizzes found
Score Distribution
Percent of People with Each Score
Percentile by Number Answered
Your Score History
You have not taken this quiz since the last reset